[Event "Jena Fair op 8th"]
[Site "Jena"]
[Date "2008.10.15"]
[Round "1"]
[White "Koeber, Martin"]
[Black "Schreyer, Klaus"]
[Result "0-1"]
[WhiteElo "797"]
[BlackElo "1893"]
[PlyCount "68"]
[EventDate "2008.10.15"]
[EventType "swiss"]
[EventRounds "9"]
[EventCountry "GER"]
[SourceTitle "EXT 2009"]
[Source "ChessBase"]
[SourceDate "2008.11.26"]
[SourceVersion "1"]
[SourceVersionDate "2008.11.26"]
[SourceQuality "1"]

1. e4 c5 2. Nc3 e6 3. Bc4 a6 4. Nf3 b5 5. Be2 Bb7 6. d3 Qc7 7. 0-0 d6 8. d4 b4 9. Nb1 Bxe4 10. dxc5 Qxc5 11. Be3 Qxc2 12. Qxc2 Bxc2 13. Nbd2 Nd7 14. Nd4 Bg6 15. Bf3 d5 16. Rac1 Ngf6 17. Rc6 Ne5 18. Rc2 Bxc2 19. Nxc2 Rc8 20. Nd4 Be7 21. Be2 0-0 22. Bxa6 Ra8 23. Be2 Rxa2 24. Rb1 Rfa8 25. h3 Rc8 26. Bf4 Nc4 27. Nxc4 dxc4 28. Bg5 h6 29. Bd2 c3 30. Rc1 Rxb2 31. Be3 Nd5 32. Ba6 Ra8 33. Bd3 Nxe3 34. fxe3 Bg5 0-1